Elementary Aspects of the Political: (Record no. 184168)
[ view plain ]
| 000 -LEADER | |
|---|---|
| fixed length control field | 00590nam a22001817a 4500 |
| 005 - DATE AND TIME OF LATEST TRANSACTION | |
| control field | 20220113161440.0 |
| 010 ## - LCCN (DPL NO) | |
| LC control number | ENG-131113 |
| 020 ## - INTERNATIONAL STANDARD BOOK NUMBER | |
| International Standard Book Number | 978-93-5442-002-3 |
| Terms of availability | 625.00 |
| 035 ## - SYSTEM CONTROL NUMBER | |
| System control number | EN-114645 |
| 037 ## - SOURCE OF ACQUISITION | |
| Source of stock number/acquisition | DBAD |
| 082 ## - DEWEY DECIMAL CLASSIFICATION NUMBER | |
| Classification number | 320.01 |
| 100 ## - MAIN ENTRY--PERSONAL NAME | |
| Personal name | Banerjee, Prathama |
| 245 ## - TITLE STATEMENT | |
| Title | Elementary Aspects of the Political: |
| Remainder of title | Histories from the Global South/ |
| Statement of responsibility, etc | Prathama Banerjee |
| 260 ## - PUBLICATION, DISTRIBUTION, ETC. (IMPRINT) | |
| Place of publication, distribution, etc | Telangana |
| Name of publisher, distributor, etc | Orient Blackswan Private Limited |
| Date of publication, distribution, etc | 2020 |
| 270 ## - ADDRESS | |
| City | Telangana |
| Address | 3-6-752 Himayatnagar |
| Postal code | 500029 |
| 300 ## - PHYSICAL DESCRIPTION | |
| Extent | ix, 274p. |
| Dimensions | 23cm(pbk) |
| Other physical details | Index |
| 942 ## - ADDED ENTRY ELEMENTS (KOHA) | |
| Source of classification or shelving scheme | Dewey Decimal Classification |
| Item type | English Books |
| Classification part | 320.01 |
| Call number suffix | BAN |
| Withdrawn status | Lost status | Not for loan | Collection code | Home library | Current library | Date acquired | Source of acquisition | Cost, normal purchase price | Full call number | Barcode | Copy number | Cost, replacement price | Koha item type |
|---|---|---|---|---|---|---|---|---|---|---|---|---|---|
| Non-fiction | Central Library | Central Library | 13/01/2022 | DBAD/PUB | 625.00 | 320.01 BAN | EN-114645 | 1 | 625.00 | English Books |
